[Event "World ol U16"]
[Site "Gyor"]
[Date "2014.12.21"]
[Round "10.4"]
[White "Lee, Jeeho"]
[Black "Thaer, Abu Alhaija"]
[Result "0-1"]
[WhiteElo "1162"]
[BlackElo "1487"]
[PlyCount "112"]
[EventDate "2014.12.13"]
[EventType "team-swiss"]
[EventRounds "10"]
[EventCountry "HUN"]
[SourceTitle "EXT 2016"]
[Source "ChessBase"]
[SourceDate "2015.10.08"]
[SourceVersion "1"]
[SourceVersionDate "2015.10.08"]
[SourceQuality "1"]
[WhiteTeam "South Korea II"]
[BlackTeam "Jordan"]
[WhiteTeamCountry "KOR"]
[BlackTeamCountry "JOR"]

1. e4 e5 2. Nf3 Nc6 3. Nc3 g6 4. d4 exd4 5. Nxd4 Bg7 6. Nxc6 bxc6 7. Bd3 d6 8. 0-0 Nf6 9. Bg5 h6 10. Bf4 0-0 11. Re1 Re8 12. e5 Nh5 13. Qf3 Nxf4 14. Qxf4 dxe5 15. Qf3 Bd7 16. Be4 f5 17. Bxc6 Bxc6 18. Qxc6 Qd6 19. Qc4+ Kh7 20. Rad1 Qe7 21. Nd5 Qe6 22. Qxc7 Red8 23. Qa5 Qd6 24. h3 Rac8 25. Nc3 Qb6 26. Qxb6 axb6 27. Rxd8 Rxd8 28. Rd1 Rd4 29. Kf1 g5 30. Ke2 h5 31. Rxd4 exd4 32. Nb5 d3+ 33. cxd3 Bxb2 34. Ke3 Kg6 35. f4 Bc1+ 36. Kf3 Bxf4 37. g3 Bd2 38. Ke2 Bb4 39. Ke3 h4 40. gxh4 gxh4 41. Kf4 Kf6 42. d4 Bd2+ 43. Kf3 f4 44. Kg4 Kg6 45. Nd6 Be1 46. Kxf4 Bg3+ 47. Kg4 Bxd6 48. Kxh4 Kf5 49. d5 Ke5 50. Kg4 Kxd5 51. h4 Be5 52. h5 Kc4 53. Kf5 Bh8 54. Ke6 b5 55. a3 Kb3 56. Kd5 Kxa3 0-1

[Event "World ol U16"]
[Site "Gyor"]
[Date "2014.12.19"]
[Round "8.4"]
[White "Nemeth, Balint"]
[Black "Lee, Jeeho"]
[Result "1-0"]
[WhiteElo "1560"]
[BlackElo "1162"]
[PlyCount "71"]
[EventDate "2014.12.13"]
[EventType "team-swiss"]
[EventRounds "10"]
[EventCountry "HUN"]
[SourceTitle "EXT 2016"]
[Source "ChessBase"]
[SourceDate "2015.10.08"]
[SourceVersion "1"]
[SourceVersionDate "2015.10.08"]
[SourceQuality "1"]
[WhiteTeam "Gyor"]
[BlackTeam "South Korea II"]
[WhiteTeamCountry "HUN"]
[BlackTeamCountry "KOR"]

1. e4 e5 2. Nf3 Nc6 3. Bb5 a6 4. Ba4 d6 5. d4 b5 6. Bb3 Nf6 7. dxe5 dxe5 8. Qxd8+ Kxd8 9. Bxf7 Bb7 10. Nbd2 Nb4 11. Bb3 Bd6 12. Ng5 Ke7 13. a3 h6 14. Ngf3 Nc6 15. 0-0 Nd8 16. Re1 c5 17. c4 Ne6 18. cxb5 axb5 19. Nh4 Kf7 20. Nf5 Rad8 21. Bxe6+ Kxe6 22. Nxg7+ Kf7 23. Nf5 Bc7 24. Ng3 Ba5 25. Re2 Nxe4 26. Ndxe4 Bxe4 27. Rxe4 Rd1+ 28. Nf1 Bd2 29. Rxe5 Rxc1 30. Rxc1 Bxc1 31. Rxc5 Bxb2 32. Rxb5 Bxa3 33. h3 Bd6 34. Ne3 Re8 35. g4 Bg3 36. Nf5 1-0

[Event "World ol U16"]
[Site "Gyor"]
[Date "2014.12.18"]
[Round "6.4"]
[White "Marx, Inge"]
[Black "Lee, Jeeho"]
[Result "1-0"]
[WhiteElo "1524"]
[BlackElo "1162"]
[PlyCount "45"]
[EventDate "2014.12.13"]
[EventType "team-swiss"]
[EventRounds "10"]
[EventCountry "HUN"]
[SourceTitle "EXT 2016"]
[Source "ChessBase"]
[SourceDate "2015.10.08"]
[SourceVersion "1"]
[SourceVersionDate "2015.10.08"]
[SourceQuality "1"]
[WhiteTeam "South Africa II"]
[BlackTeam "South Korea II"]
[WhiteTeamCountry "RSA"]
[BlackTeamCountry "KOR"]

1. e4 e5 2. Nf3 Nc6 3. Bc4 Bc5 4. c3 Nf6 5. d3 0-0 6. Bg5 h6 7. Bh4 Be7 8. Nbd2 d6 9. Bb3 a5 10. a4 Be6 11. Nf1 d5 12. exd5 Bxd5 13. Bxf6 Bxf6 14. Bxd5 Qxd5 15. Ne3 Qd7 16. 0-0 Rad8 17. Qb3 b6 18. Rad1 Rfe8 19. Rfe1 Qe6 20. Nc4 e4 21. Rxe4 Ne5 22. Nfxe5 Bxe5 23. Rxe5 1-0